00334pab a2200133 454500008004000000100001600040245004400056260000900100300001600109362001100125650001900136650001100155773003400166180718b2002 xxu||||| |||| 00| 0 eng d aKohli, Renu aFinancial sector and the budget 2002-03 c2002 ap.1092-093. a23 Mar aBudget - India aBudget aEconomic and Political Weekly